000
00320nam a2200109Ia 4500
008
171211s9999 xx 000 0 und d
245
_a
Superare l'eiaculazione precoce
245
_c
Barry W. Mc Carthy, Michael E. Metz
260
_c
2000
650
_x
Sexuality
856
_u
http://down.ebook777.com/057/9782212555202.pdf
999
_c
350740
_d
350740